| 000 | 01235nam a22003497a 4500 | ||
|---|---|---|---|
| 003 | CHAP | ||
| 005 | 20250819101531.0 | ||
| 008 | 971013s1978 r 00010 d | ||
| 010 | _a52355 | ||
| 011 | _a53327 | ||
| 035 | _a57477 | ||
| 040 | _cCHAP | ||
| 090 | _aTesis | ||
| 100 | 1 | 0 |
_aPortillo Vázquez, Marcos _991007 |
| 245 | _aRecomendaciones económicas para el uso de fertilizantes en áreas de temporal del estado de Tlaxcala | ||
| 260 |
_aChapingo, Méx. : _bEl autor, _c1978 |
||
| 300 |
_a86 h. _b: apénd. |
||
| 502 | _aTesis (Ing. Agr. Esp. en Economía Agrícola) -- ENA. Departamento de Economía Agrícola | ||
| 590 |
_aALEPH _b10 _c20130110 _lUCH01 _h1329 |
||
| 590 |
_aBATCH-UPD _b10 _c20130110 _lUCH01 _h1033 |
||
| 590 |
_aBATCH-UPD _b10 _c20130410 _lUCH01 _h0635 |
||
| 590 |
_aBATCH-UPD _b10 _c20130913 _lUCH01 _h2147 |
||
| 590 |
_aCONVERSION _b10 _c20130109 _lUCH01 _h1328 |
||
| 650 | 1 | 4 |
_aAgricultura de temporal. _91999 |
| 650 | 1 | 4 |
_aAgricultura _zTlaxcala. _91939 |
| 650 | 1 | 4 |
_aFertilizantes _xAspectos económicos. _940451 |
| 901 | _aBK | ||
| 942 | _cFOLL | ||
| 949 |
_bBC _cTES _d-125011 _eTS1 _i57477 _si |
||
| 949 |
_bBC _cTES _d-125012 _eTS2 _fc.2 _i57477 _si |
||
| 949 |
_bBC _cTES _d-125013 _eTS2 _fc.3 _h22990 _i57477 _si |
||
| 999 |
_c52355 _d52355 |
||